| 000 | 00484nam a2200181Ia 4500 | ||
|---|---|---|---|
| 001 | 19304 | ||
| 005 | 20260306172643.0 | ||
| 008 | 260306t2015||||xx |||||||||||||| ||spa|| | ||
| 041 | _aESP | ||
| 082 |
_a658.83 _bM43A |
||
| 100 |
_aMerino Sanz, María Jesús _eAUT |
||
| 245 | 0 |
_aLa investigación de mercados: _bclaves para conocer los insights del consumidor |
|
| 260 | _c2015 | ||
| 300 |
_a38 páginas : _c29 cm. |
||
| 650 | _aGEN | ||
| 654 | _aCAN | ||
| 942 |
_cLIB _dJUS _fJUS _2ddc _n |
||
| 999 |
_c19304 _d19304 |
||